Las sociedades con un solo socio: análisis de los datos de un estudio de Derecho comparado
Guardat en:
| Autor principal: | |
|---|---|
| Format: | Llibre |
| Idioma: | espanyol |
| Publicat: |
Madrid
Revista de Derecho Privado
1976
|
| Matèries: | |
| Etiquetes: |
Afegir etiqueta
Sense etiquetes, Sigues el primer a etiquetar aquest registre!
|
MARC
| LEADER | 00000nam a2200000 a 4500 | ||
|---|---|---|---|
| 001 | UCP6239 | ||
| 003 | CL-VaPUC | ||
| 008 | 991015e19760000SP |||||||||||||||||spa|d | ||
| 082 | 0 | 4 | |a 346.0682 |b GRI |2 21 |
| 100 | 0 | |a Grisoli, Angelo |e author |9 435215 | |
| 245 | 1 | 4 | |a Las sociedades con un solo socio: análisis de los datos de un estudio de Derecho comparado |
| 300 | |a 423 p | ||
| 942 | |c BK | ||
| 945 | |d 19991015 00:00:00 |a vberengu | ||
| 260 | |a Madrid |b Revista de Derecho Privado |c 1976 | ||
| 650 | 0 | |a Sociedades |9 259052 | |
| 650 | 0 | |a Derecho civil |9 255013 | |
| 650 | 0 | |a Sociedades comerciales |9 257290 | |
| 650 | 0 | |a Derecho comparado |9 255664 | |
| 583 | |a last modification |c 19991015 00:00:00 |k Rodrigo Vera | ||
| 999 | |c 283842 |d 283840 | ||
| 952 | |0 0 |1 0 |4 0 |6 346_068200000000000_GRI_1976 |7 0 |8 A |9 327327 |a BIBDER |b BIBDER |d 2019-11-20 |i 3492176 |o 346.0682 GRI 1976 |p 3492176 |r 2019-11-20 |w 2019-11-20 |y BK |k DER | ||